000 00302nam a2200121Ia 4500
008 211105s9999 xx 000 0 und d
020 _aVYASA04860
100 _aDigambarji Swami Raghunatha Shastri Kokaje
245 0 _aHathapradipika
250 _a\N
260 _bShri O. P. Tiwari
_c\N
300 _a251p.
999 _c8089
_d8089